000 00995nas a2200301 4500
001 BR2014006515
003 BR-BrBNA
005 20231205124619.0
007 ta
008 230509b bl.|||p| |||| 00| 00por d
040 _aBR-BrBNA
_bpor
_cBiblioteca Nacional de Agricultura
041 _a(Pt)
072 _aM12; Q70
100 1 _aBoscolo, W.R.
100 1 _aFeiden, A.
100 1 _aSignor, A.A.
100 1 _aBittencourt, F.
100 1 _aCorrêia, A.F.
245 1 _aResíduos da indústria de filetagem de tilápia do Nilo (Oreochromis niloticus)na forma de farinhas e silagem para a alimentação de lambari (Astianax bimaculatus)
650 _aLAMBARI
650 _aALEVINO
650 _aRAÇÃO
650 _aRESÍDUO INDUSTRIAL
650 _aTILÁPIA
773 0 _tRevista Acadêmica. Ciências Agrárias e Ambientais (Brazil)
_xISSN 0103-989X
_g(Apr-Jun 2012), v. 10(2) p. 189-195
_wBR2014006515
909 _a202311
_bLúcia
_c55
_dLúcia Elande
942 _2AGRIS
_n0
_cANA
999 _c239988
_d239988